Chemická výroba pro IV. ročník gymnázia Experimentální učební text volitelné skupiny odborných předmětů. Základy technické chemie

Bibliographic Details
Main Author: Kováč, Štefan, 1928-2013 (Author)
Format: Book
Language:Undetermined
PhysicalDescription:170 s.
Published: Praha Státní nakladatelství technické literatury 1982

MARC

LEADER 00000nam a2200000 a 4500
001 vtls001434829
003 SK-MaSNL
005 20260301013345.0
008 160308s1982 xx 0 und
035 |a SNK000389911 
040 |a SNK  |b slo  |c SNK  |e AACR2 
100 1 |a Kováč, Štefan,  |d 1928-2013  |4 aut  |9 157641 
245 1 0 |a Chemická výroba pro IV. ročník gymnázia  |b Experimentální učební text volitelné skupiny odborných předmětů. Základy technické chemie 
260 |a Praha  |b Státní nakladatelství technické literatury  |c 1982 
300 |a 170 s. 
958 |a OND 
999 |c 555877  |d 557807 
952 |a SNK  |b SNK  |y PREZ  |7 0  |p 17A0982148  |o snkSB 34447  |0 0  |1 0  |4 0  |d 2012-07-17  |l 0  |r 2025-04-10 00:00:00  |w 2026-02-23 
952 |t P60, <04>, [BOOK], {604}  |a SNK  |b SNK  |y VYP  |7 0  |p 17A0341031  |o snkSB 34447 D1  |0 0  |1 0  |4 0  |d 2002-05-25  |l 0  |r 2005-01-02 00:00:00  |w 2026-02-23